00353nam a2200133Ia 4500003000400000005001700004008004100021040001800062041000800080100005000088110001500138245004600153260002000199OSt20230531094634.0211028s2007 xx 000 0 und d cAIMIT LIBRARY aeng aChurya, Sai Gunaranjan; Leelavathy.g50971411 aLeelavathy aLacDB- a complete lactobacillus database. aMangalorec2007